000 01236nam2a22002291 4500
001 rc\2362718
005 20250622235012.0
035 _a(NLR Aleph) 006478712
090 _a6010980
_c6010980
100 _a20110829d1977 |||y0rusy50 ca
101 0 _arus
102 _aRU
105 _ay z |||||
200 0 _aЧ. 2
210 _d1977
_aБ. м.
215 _a53 с.
461 0 _1001rc\2362716
_12001#$aОбучение письменной речи$eМетод. разраб. по курсу "Практ. курс англ. яз."$eДля преп. фак. англ. яз.$e(На англ. яз.)$eЧ. 1-$fМ-во высш. и сред. спец. образования БССР. Мин. гос. пед. ин-т иностр. яз.$vЧ. 2
_96010962
_cМинск
_d1977
_fМ-во высш. и сред. спец. образования БССР. Мин. гос. пед. ин-т иностр. яз.
_nБ. и.
_oМетод. разраб. по курсу "Практ. курс англ. яз." : Для преп. фак. англ. яз. : (На англ. яз.) : Ч. 1-
_tОбучение письменной речи
_vЧ. 2
801 0 _aRU
_bNLR
_gpsbo
801 1 _aRU
_bELAR
_2rusmarc
852 _aNLR
_j78-4/8576
942 _cBOOK
980 _aNB